00832nam a2200193 a 450000100100000000500170001000800410002704000250006808200080009311000470010124500360014826000450018430000380022904900090026795201230027695201080039995201140050799900170062100002600420200930024224.0110225s2007 dr bc 000 0 spa d aDO-SdBNPbspacBNPHU axxx1 aPartido de la Liberación Dominicana928410aPrograma de gobierno 2008-2012. aSanto Domingo :bAlfa y Omega,c[2007?]. a135 p. :bretrs. ; map. ;c28 cm. aBNPD 001054708DSaGRbGRcCTd2011-04-15iLF1l0oxxx p26004-30r2020-06-25te. 3w2020-06-25yLFDSZPréstamo en sala 0010718PDaPDbPDcCTd2011-02-25iLF1l0oxxx p26004-10r2020-06-25w2020-06-25yLFPDZNo se presta 0010718PDaPDbPDcCTd2011-02-25iLF1l0oxxx p26004-20r2020-06-25te. 2w2020-06-25yLFPDZNo se presta c25496d25496